Quick Pick: Dr. Zeuss Quiz Stats

 Plays Quiz Updated Jun 27, 2017

Support Sporcle.
Go Orange.
Score 0/11 Timer 01:30
2 Plays Today
% Correct
Aphrodite
89.4%
Achilles
87.9%
Icarus
83%
Hera
82.9%
Oedipus
77.3%
Jason
76.5%
Chaos
75.3%
Heracles
73.4%
Persephone
72.8%
Gaia
70.2%
Theseus
65.7%

Today's Daily Dose

You're not logged in!

Compare scores with friends on all Sporcle quizzes.
OR
Log In
Forgot?

From the Vault

Four Items or Fewer

by Scott

Can you pick the published Sporcle quizzes that have four or fewer answers? Ready, go!
Remove Ads.
Support Sporcle.
Get the best of Sporcle when you Go Orange. This ad-free experience offers more features, more stats, and more fun while also helping to support Sporcle. Thank you for becoming a member.

Show Comments

Extras

Top Quizzes Today


Score Distribution

Your Account Isn't Verified!

In order to create a playlist on Sporcle, you need to verify the email address you used during registration. Go to your Sporcle Settings to finish the process.

Report this User

Report this user for behavior that violates our Community Guidelines.

Details: